The literature of the United States
Gardado en:
| Autor Principal: | |
|---|---|
| Formato: | Libro |
| Idioma: | inglés |
| Publicado: |
Londres
Penguin Books
1954
|
| Series: | Pelican Books, A289
|
| Subjects: | |
| Tags: |
Engadir etiqueta
Sen Etiquetas, Sexa o primeiro en etiquetar este rexistro!
|
MARC
| LEADER | 00000nam a2200000 a 4500 | ||
|---|---|---|---|
| 001 | UCQ0383 | ||
| 003 | CL-VaPUC | ||
| 008 | 980627e19540000UK |||||||||||||||||eng|d | ||
| 082 | 0 | 4 | |a 810.9 |b CUN |2 21 |
| 100 | 0 | |a Cunliffe, Marcus |e author |9 413582 | |
| 245 | 1 | 4 | |a The literature of the United States |
| 300 | |a 384 p | ||
| 942 | |c BK | ||
| 945 | |d 19980627 00:00:00 |a crobeson | ||
| 260 | |a Londres |b Penguin Books |c 1954 | ||
| 650 | 0 | |a Literatura estadounidense |9 317168 | |
| 650 | 0 | |a Historia y crítica |9 257407 | |
| 583 | |a last modification |c 20130317 01:22:16 |k Rodrigo Vera | ||
| 490 | 0 | |a Pelican Books, A289 | |
| 999 | |c 271517 |d 271515 | ||
| 952 | |0 0 |1 0 |4 0 |6 810_900000000000000_CUN_1954 |7 0 |8 A |9 306194 |a BIBEDU |b BIBEDU |d 2019-11-20 |i 1424424 |o 810.9 CUN 1954 |p 1424424 |r 2019-11-20 |w 2019-11-20 |y BK |k LIT | ||